Music Quiz

Random Music or Song Quiz

Artists by Song Quiz Stats

 Plays Quiz not verified by Sporcle

Challenge
Share
Tweet
Embed
Score 0/100 Timer 12:00
0 Plays Today
Song Artist % Correct
Hotel CaliforniaThe Eagles
86.1%
Poker FaceLady Gaga
86.1%
American IdiotGreen Day
80.6%
So WhatPink
77.8%
ToxicBritney Spears
75%
Lose YourselfEminem
75%
Hot 'N ColdKaty Perry
75%
Sk8er BoiAvril Lavigne
72.2%
T.N.T.AC/DC
69.4%
Come TogetherThe Beatles
69.4%
Should I Stay or Should I Go?The Clash
69.4%
Clint EastwoodThe Gorillaz
69.4%
TiK ToKKe$ha
69.4%
How You Remind MeNickelback
69.4%
Rude BoyRihanna
69.4%
Are You Gonna Be My Girl?JET
66.7%
LithiumNirvana
66.7%
Buddy HollyWeezer
66.7%
Kryptonite3 Doors Down
63.9%
GrenadeBruno Mars
61.1%
HaloSoil
58.3%
Sugar We're Going DownFall Out Boy
55.6%
Stacey's MomFountains Of Wayne
55.6%
Dirty Little SecretThe All-American Rejects
52.8%
Somebody Told MeThe Killers
52.8%
Bullet With Butterfly WingsSmashing Pumpkins
52.8%
Black Hole SunSoundgarden
52.8%
Miss MurderA.F.I.
47.2%
Man In the BoxAlice in Chains
47.2%
Adam's SongBlink-182
47.2%
Lifestyles of the Rich and FamousGood Charlotte
47.2%
Insane In The BrainCypress Hill
44.4%
DriveIncubus
44.4%
Harder To BreatheMaroon 5
44.4%
Song Artist % Correct
Come Out and PlayThe Offspring
44.4%
Imma BeThe Black Eyed Peas
41.7%
Hanging By A MomentLifehouse
41.7%
Magic Carpet RideSteppenwolf
41.7%
The Bad TouchBloodhound Gang
38.9%
Lips of an AngelHinder
38.9%
Black and YellowWiz Khalifa
38.9%
Whip My HairWillow Smith
38.9%
Bleed It OutLinkin Park
36.1%
My Own Worst EnemyLit
36.1%
Youth Of The NationP.O.D.
36.1%
CrushcrushcrushParamore
36.1%
I Love CollegeAsher Roth
33.3%
Wherever I May RoamMetallica
33.3%
Ride With MeNelly
33.3%
Mr. CrowleyOzzy Osbourne
33.3%
Want Me (Calle Ocho)Pitbull
33.3%
Edge of SeventeenStevie Nicks
33.3%
Don't Trust Me3OH!3
33.3%
Diary of JaneBreaking Benjamin
30.6%
Ten Thousand FistsDisturbed
30.6%
Head Like A HoleNine Inch Nails
30.6%
Fake ItSeether
30.6%
I Hate Everything About YouThree Days Grace
30.6%
HeadstrongTrapt
30.6%
Bat CountryAvenged Sevenfold
27.8%
TechnologicDaft Punk
27.8%
Love Her MadlyThe Doors
27.8%
Living Dead GirlRob Zombie
27.8%
Jar of HeartsChristina Perri
25%
ReplayIyaz
25%
Famous Last WordsMy Chemical Romance
25%
CumbersomeSeven Mary Three
25%
Spit It OutSlipknot
25%
Song Artist % Correct
Potential Breakup SongAly & AJ
22.2%
Calling Dr. LoveKiss
22.2%
Getting Away With MurderPapa Roach
22.2%
Suite-PeeSystem Of A Down
22.2%
Dear Maria, Count Me InAll Time Low
19.4%
Tears Don't FallBullet For My Valentine
19.4%
Best I Ever HadDrake
19.4%
Back Against The WallCage The Elephant
16.7%
Scotty Doesn't KnowLustra
16.7%
Drift and DiePuddle of Mudd
16.7%
Geeks Get The GirlsAmerican Hi-Fi
13.9%
Touchdown TurnaroundHellogoodbye
13.9%
Killing LonelinessHIM
13.9%
Fall Into SleepMudvayne
13.9%
I'm Just a KidSimple Plan
13.9%
MudshovelStaind
13.9%
The Bird and The WormThe Used
13.9%
Right Thru MeNicki Minaj
11.1%
Heaven Is a Half PipeOPM
11.1%
Beautiful10 Years
11.1%
Touch, Peel and StandDays Of The New
8.3%
Bottle and a GunHollywood Undead
8.3%
AlwaysSaliva
8.3%
Mountain ManCrash Kings
5.6%
The BleedingFive Finger Death Punch
5.6%
Love-Hate-Sex-PainGodsmack
5.6%
Boogie Woogie WuInsane Clown Posse
5.6%
Awake and AliveSkillet
5.6%
Long Live The KingsKottonmouth Kings
2.8%
Space LordMonster Magnet
2.8%
Slob On My NobThree 6 Mafia
2.8%
Whoop WhoopTwiztid
2.8%

You're not logged in!

Compare scores with friends on all Sporcle quizzes.
OR
Log In

You Might Also Like...

Show Comments

Extras

Created May 17, 2011ReportNominate
Tags:Song Quiz, 100

Top Quizzes Today


Score Distribution

Your Account Isn't Verified!

In order to create a playlist on Sporcle, you need to verify the email address you used during registration. Go to your Sporcle Settings to finish the process.

Report this User

Report this user for behavior that violates our Community Guidelines.

Details: